|
|
|
|
| LEADER |
00000nam a22000007a 4500 |
| 005 |
20210617213145.0 |
| 007 |
cr|||| |||| |
| 008 |
210617s2021 co |||||s|||| 00||0 spa d |
| 020 |
|
|
|a 978-958-792-243-1
|
| 035 |
|
|
|a 33458
|
| 040 |
|
|
|a vLex
|
| 090 |
|
|
|c 11802
|d 11802
|
| 100 |
1 |
|
|a Mantilla Blanco, Samuel Alberto
|
| 245 |
1 |
0 |
|a Revisora̕ fiscal
|h [Recurso electrn̤ico] /
|c Samuel Alberto Mantilla Blanco
|
| 256 |
|
|
|a Servicio en ln̕ea
|
| 260 |
|
|
|a Bogot:̀
|b Ediciones de la U,
|c 2021
|
| 300 |
|
|
|a 1 recurso electrn̤ico
|
| 500 |
|
|
|a Este aǫ 2020 ser ̀tristemente recordado por la pandemia del covid-19 y su devastador efecto en la salud pb︢lica y la economa̕ global.Hoy, 19 de noviembre de 2020, las noticias anuncian que la esperada vacuna pronto ser ̀realidad y con optimismo deseamos una pronta recuperacin̤ de la crisis sanitaria y de la economa̕ global; ambas necesarias para reactivar el rumbo del crecimiento y desarrollo en el contexto del nuevo entorno pospandemia.Como todo cambio significativo, los retos que nos esperan son enormes y las respuestas no pueden ser menores.Transformacin̤ digital, teletrabajo, inteligencia artificial, ciberseguridad, big data, analt̕icas, internet de las cosas, junto con resiliencia, innovacin̤, productividad, globalidad, diversidad, inclusin̤, sostenibilidad y cambio climt̀ico, son ahora palabras de uso frecuente en la agenda diaria de los negocios.
|
| 506 |
1 |
|
|a Disponible solo en los productos indicados
|d vLex Global
|d vLex Global (Academic Edition, excluding Law Schools)
|d vLex Global (U.S. Academic Edition, Law Schools)
|d vLex Global (U.S. Academic Edition, excluding Law Schools)
|d vLex Global (Academic Edition, Law Schools)
|
| 650 |
0 |
4 |
|a Inspeccin̤ tributaria
|z Colombia
|
| 740 |
0 |
|
|a vLex Libros (Servicio en ln̕ea)
|
| 856 |
4 |
0 |
|u https://vlex.com/source/revisoria-fiscal-33458
|z Acceso restringido
|
| 942 |
|
|
|c BOOK
|
| 999 |
0 |
|
|a Tax inspection
|